Štatistická ročenka 1979 okres Považská Bystrica

Gespeichert in:
Bibliographische Detailangaben
Format: Buch
Sprache:Slowakisch
Veröffentlicht: Považská Bystrica Slovenský štatistický úrad 1979
Schlagworte:
Tags: Tag hinzufügen
Keine Tags, Fügen Sie das erste Tag hinzu!

MARC

LEADER 00000nam a2200000 4500
001 0222762
005 20260116115928.2
041 0 |a slo 
044 |a SK 
245 1 0 |a Štatistická ročenka 1979  |b okres Považská Bystrica 
264 1 |a Považská Bystrica  |b Slovenský štatistický úrad  |c 1979 
300 |a 264 s. 
610 2 0 |a Slovensko